Essentials of meteorology: an invitation to the atmosphere

Uloženo v:
Podrobná bibliografie
Hlavní autor: C Donald Ahrens
Médium: Kniha
Jazyk:Undetermined
Vydáno: Minneapolis West Publishing Company 1993
Témata:
Tagy: Přidat tag
Žádné tagy, Buďte první, kdo otaguje tento záznam!
Thư viện lưu trữ: Trung tâm Học liệu Trường Đại học Cần Thơ
LEADER 00514nam a2200181Ia 4500
001 CTU_29918
008 210402s9999 xx 000 0 und d
082 |a 551.5 
082 |b A287 
100 |a C Donald Ahrens 
245 0 |a Essentials of meteorology: an invitation to the atmosphere 
245 0 |c C Donald Ahrens 
260 |a Minneapolis 
260 |b West Publishing Company 
260 |c 1993 
650 |a meteorology 
904 |i Liên, 981223 
980 |a Trung tâm Học liệu Trường Đại học Cần Thơ